000 00430nam a2200181Ia 4500
001 15270
005 20260306165015.0
008 260306t2012||||xx |||||||||||||| ||spa||
041 _aESP
082 _a531.11
_bP99
100 _aPytel, Andrew,
_eAUT
245 0 _aIngeniería mecánica :
_bdinámica
260 _c2012
300 _ax, 649 páginas :
_c27 cm.
650 _aGEN
654 _aCCN
942 _cLIB
_dJUS
_fJUS
_2ddc
_n
999 _c15270
_d15270